Applied statistics and probability for engineers / (Record no. 18505)
[ view plain ]
| 000 -LEADER | |
|---|---|
| fixed length control field | 01335nam a2200349 i 4500 |
| 003 - CONTROL NUMBER IDENTIFIER | |
| control field | EG-ScBUE |
| 005 - DATE AND TIME OF LATEST TRANSACTION | |
| control field | 20241126104144.0 |
| 008 - FIXED-LENGTH DATA ELEMENTS--GENERAL INFORMATION | |
| fixed length control field | 141027t2014 njuadk f bd 001 0 eng d |
| 020 ## - INTERNATIONAL STANDARD BOOK NUMBER | |
| International Standard Book Number | 9781118744123 |
| 040 ## - CATALOGING SOURCE | |
| Original cataloging agency | EG-ScBUE |
| Language of cataloging | eng |
| Description conventions | rda |
| Transcribing agency | EG-ScBUE |
| Modifying agency | EG-ScBUE |
| 082 04 - DEWEY DECIMAL CLASSIFICATION NUMBER | |
| Edition number | 22 |
| Item number | MON |
| Classification number | 519.5 |
| 100 1# - MAIN ENTRY--PERSONAL NAME | |
| Personal name | Montgomery, Douglas C., |
| Relator term | author. |
| 9 (RLIN) | 20592 |
| 245 10 - TITLE STATEMENT | |
| Title | Applied statistics and probability for engineers / |
| Statement of responsibility, etc | Douglas C. Montgomery, Arizona State University, George C. Runger, Arizona State University. |
| 246 34 - VARYING FORM OF TITLE | |
| Title proper/short title | Applied statistics and probability for engineers : |
| Remainder of title | exclusive to this version new exercise sets, coverage of SI units |
| 250 ## - EDITION STATEMENT | |
| Edition statement | Sixth edition. |
| 250 ## - EDITION STATEMENT | |
| Edition statement | International student version. |
| 264 #1 - PUBLICATION, DISTRIBUTION, ETC. (IMPRINT) | |
| Place of publication, distribution, etc | Hoboken, NJ : |
| Name of publisher, distributor, etc | John Wiley & Sons, |
| Date of publication, distribution, etc | [2014] |
| 264 #4 - PUBLICATION, DISTRIBUTION, ETC. (IMPRINT) | |
| Date of publication, distribution, etc | c2014 |
| 300 ## - PHYSICAL DESCRIPTION | |
| Extent | xvi, 765 pages : |
| Other physical details | chart, forms, tables ; |
| Dimensions | 26 cm |
| 336 ## - CONTENT TYPE | |
| Source | rdacontent |
| Content type term | text |
| Content type code | txt |
| 337 ## - MEDIA TYPE | |
| Media type term | unmediated |
| Source | rdamedia |
| Media type code | n |
| 338 ## - CARRIER TYPE | |
| Carrier type term | volume |
| Carrier type code | nc |
| Source | rdacarrier |
| 500 ## - GENERAL NOTE | |
| General note | Includes appendixes. |
| 500 ## - GENERAL NOTE | |
| General note | Includes glossary.<br/> |
| 504 ## - BIBLIOGRAPHY, ETC. NOTE | |
| Bibliography, etc | Includes bibliographical references and index.<br/> |
| 650 #7 - SUBJECT ADDED ENTRY--TOPICAL TERM | |
| 9 (RLIN) | 2829 |
| Topical term or geographic name as entry element | Statistics. |
| Source of heading or term | BUEsh |
| 650 #7 - SUBJECT ADDED ENTRY--TOPICAL TERM | |
| 9 (RLIN) | 3494 |
| Topical term or geographic name as entry element | Probabilities. |
| Source of heading or term | BUEsh |
| 653 ## - INDEX TERM--UNCONTROLLED | |
| Resource For college | Engineering, Mechanical |
| Arrived date list | October2014 |
| 655 ## - INDEX TERM--GENRE/FORM | |
| Form subdivision | Reading book |
| 9 (RLIN) | 33728 |
| 700 1# - ADDED ENTRY--PERSONAL NAME | |
| 9 (RLIN) | 25472 |
| Personal name | Runger, George C., |
| Relator term | author. |
| 942 ## - ADDED ENTRY ELEMENTS (KOHA) | |
| Source of classification or shelving scheme | Dewey Decimal Classification |
| Koha item type | Book - Borrowing |
| Withdrawn status | Lost status | Source of classification or shelving scheme | Damaged status | Not for loan | Collection code | Home library | Current library | Shelving location | Date acquired | Source of acquisition | Cost, normal purchase price | Total Checkouts | Full call number | Barcode | Date last seen | Cost, replacement price | Koha item type | Total Renewals | Date checked out |
|---|---|---|---|---|---|---|---|---|---|---|---|---|---|---|---|---|---|---|---|
| Dewey Decimal Classification | Baccah | Central Library | Central Library | First floor | 27/10/2014 | Purchase | 260.00 | 519.5 MON | 000036794 | 15/07/2025 | 325.00 | NB - Book (Non borrowing) | |||||||
| Dewey Decimal Classification | Baccah | Central Library | Central Library | First floor | 27/10/2014 | Purchase | 260.00 | 4 | 519.5 MON | 000036795 | 15/07/2025 | 325.00 | Book - Borrowing | 6 | 26/11/2016 | ||||
| Dewey Decimal Classification | Baccah | Central Library | Central Library | First floor | 27/10/2014 | Purchase | 260.00 | 4 | 519.5 MON | 000036796 | 15/07/2025 | 325.00 | Book - Borrowing | 49 | 24/03/2022 | ||||
| Dewey Decimal Classification | Baccah | Central Library | Central Library | First floor | 27/10/2014 | Purchase | 260.00 | 2 | 519.5 MON | 000036797 | 15/07/2025 | 325.00 | Book - Borrowing | 5 | 02/10/2017 | ||||
| Dewey Decimal Classification | Baccah | Central Library | Central Library | First floor | 27/10/2014 | Purchase | 260.00 | 1 | 519.5 MON | 000036798 | 15/07/2025 | 325.00 | Book - Borrowing | 26 | 02/10/2023 | ||||
| Dewey Decimal Classification | Baccah | Central Library | Central Library | First floor | 27/10/2014 | Purchase | 260.00 | 2 | 519.5 MON | 000036799 | 15/07/2025 | 325.00 | Book - Borrowing | 13 | 18/11/2017 | ||||
| Dewey Decimal Classification | Baccah | Central Library | Central Library | First floor | 27/10/2014 | Purchase | 260.00 | 1 | 519.5 MON | 000036800 | 15/07/2025 | 325.00 | Book - Borrowing | 5 | 30/09/2015 | ||||
| Dewey Decimal Classification | Baccah | Central Library | Central Library | First floor | 27/10/2014 | Purchase | 260.00 | 4 | 519.5 MON | 000036801 | 15/07/2025 | 325.00 | Book - Borrowing | 6 | 28/12/2017 | ||||
| Dewey Decimal Classification | Baccah | Central Library | Central Library | First floor | 27/10/2014 | Purchase | 260.00 | 4 | 519.5 MON | 000036802 | 15/07/2025 | 325.00 | Book - Borrowing | 35 | 17/10/2017 |